[Event "Caxambu op"]
[Site "Caxambu"]
[Date "2023.07.23"]
[Round "6"]
[White "Silva, Kaua Marques"]
[Black "Fontoura, Rogerio Lemos"]
[Result "1-0"]
[WhiteElo "2215"]
[BlackElo "1920"]
[PlyCount "165"]
[EventDate "2023.07.20"]
[EventType "swiss"]
[EventRounds "7"]
[EventCountry "BRA"]
[SourceTitle "CBM 215 Extra"]
[Source "ChessBase"]
[SourceDate "2023.09.30"]
[SourceVersion "1"]
[SourceVersionDate "2023.09.30"]
[SourceQuality "1"]

1. e4 d6 2. d4 Nf6 3. Nc3 e5 4. Nf3 exd4 5. Nxd4 Be7 6. Bc4 0-0 7. 0-0 Re8 8. Re1 c6 9. a4 Nxe4 10. Rxe4 d5 11. Rxe7 Qxe7 12. Bf1 Nd7 13. Nce2 Ne5 14. Ng3 Bg4 15. Qd2 Rad8 16. Qf4 Bc8 17. h3 Ng6 18. Qf3 Qe5 19. Ndf5 Bxf5 20. Nxf5 Ne7 21. Ng3 Ng6 22. Qb3 Qc7 23. Bd2 Re6 24. a5 Rde8 25. Ra4 Ne7 26. Bf4 Qd7 27. Rb4 Qd8 28. Rxb7 Qxa5 29. Be3 Nc8 30. c4 Nd6 31. Rxa7 dxc4 32. Rxa5 cxb3 33. Ra6 Rc8 34. Rb6 c5 35. Rxb3 c4 36. Rc3 h5 37. Nxh5 Nf5 38. Rxc4 Rb8 39. b4 Nxe3 40. fxe3 Rxe3 41. Rg4 g6 42. b5 Re1 43. Kf2 Rb1 44. Nf6+ Kg7 45. Rf4 Rb6 46. Nd5 Rd6 47. Ne3 f5 48. Rc4 Kf6 49. Rc6 Ke6 50. Bc4+ Kd7 51. Rxd6+ Kxd6 52. Bf7 Rxb5 53. Bxg6 f4 54. Ng4 Rb3 55. h4 Ke7 56. h5 Kf8 57. Ne5 Rg3 58. Nd3 Kg7 59. Nxf4 Ra3 60. g4 Kh6 61. Bf5 Kg5 62. Ne6+ Kh6 63. Nc5 Kg5 64. Nd3 Ra5 65. Ke3 Rb5 66. Nf2 Rb3+ 67. Bd3 Ra3 68. Kf3 Rb3 69. Ne4+ Kh6 70. Ke3 Ra3 71. Kd4 Ra5 72. Be2 Ra4+ 73. Ke5 Ra5+ 74. Kf4 Ra4 75. g5+ Kg7 76. Bb5 Ra1 77. Ng3 Rb1 78. h6+ Kh8 79. Bd3 Rb4+ 80. Be4 Rb2 81. g6 Rf2+ 82. Kg5 Rf7 83. Nh5 1-0

[Event "Florianopolis op 8th"]
[Site "Florianopolis"]
[Date "2022.01.29"]
[Round "8"]
[White "Fontoura, Rogerio Lemos"]
[Black "Ferreira, Rodrigo Maycon Mira"]
[Result "0-1"]
[WhiteElo "1965"]
[BlackElo "1763"]
[PlyCount "88"]
[EventDate "2022.01.24"]
[EventType "swiss"]
[EventRounds "10"]
[EventCountry "BRA"]
[SourceTitle "EXT 2023"]
[Source "ChessBase"]
[SourceDate "2022.10.05"]
[SourceVersion "1"]
[SourceVersionDate "2022.10.05"]
[SourceQuality "1"]

1. d4 Nf6 2. Nf3 c5 3. d5 e6 4. c4 b5 5. dxe6 fxe6 6. cxb5 d5 7. e3 a6 8. bxa6 Bd6 9. Nc3 0-0 10. Be2 Nxa6 11. 0-0 Nb4 12. a4 e5 13. Nb5 Bb8 14. Bd2 Na6 15. Qc2 Kh8 16. Rfd1 Qe7 17. b4 cxb4 18. Rdc1 Bb7 19. Be1 Ne4 20. Nd2 Ng5 21. Nb3 e4 22. N3d4 Qe5 23. g3 h5 24. Nc6 Qf5 25. Nbd4 Qf7 26. Nxb8 Raxb8 27. Bf1 Rbc8 28. Qb2 h4 29. Rxc8 Bxc8 30. Rc1 Bg4 31. Bxa6 hxg3 32. fxg3 Nh3+ 33. Kg2 Bf3+ 34. Nxf3 Qxf3+ 35. Kxh3 Rf5 36. Qxg7+ Kxg7 37. Rc7+ Kg6 38. Rc6+ Rf6 39. Rxf6+ Qxf6 40. Bxb4 Qxa6 41. a5 Qf1+ 42. Kh4 Qf3 43. g4 Qf2+ 44. Kh3 Qxe3+ 0-1

[Event "Florianopolis op 8th"]
[Site "Florianopolis"]
[Date "2022.01.28"]
[Round "7"]
[White "Machado, Leonardo Ribeiro"]
[Black "Fontoura, Rogerio Lemos"]
[Result "1/2-1/2"]
[WhiteElo "1765"]
[BlackElo "1965"]
[PlyCount "89"]
[EventDate "2022.01.24"]
[EventType "swiss"]
[EventRounds "10"]
[EventCountry "BRA"]
[SourceTitle "CBM 206 Extra"]
[Source "ChessBase"]
[SourceDate "2022.03.31"]
[SourceVersion "1"]
[SourceVersionDate "2022.03.31"]
[SourceQuality "1"]

1. e4 e5 2. Nf3 Nc6 3. Bb5 a6 4. Ba4 d6 5. 0-0 Bd7 6. c3 g6 7. d4 Bg7 8. Re1 Nge7 9. dxe5 Nxe5 10. Nxe5 Bxe5 11. Bh6 Ng8 12. Be3 Bg7 13. Bb3 Ne7 14. Bd4 0-0 15. Bxg7 Kxg7 16. Nd2 Nc6 17. Nf3 Qe7 18. h3 Rfe8 19. Qd2 Be6 20. Nd4 Bd7 21. Nxc6 Bxc6 22. Bd5 Qd7 23. Qd4+ f6 24. Rad1 Re7 25. Rd2 Rae8 26. Bxc6 Qxc6 27. f3 Re5 28. Red1 a5 29. b3 b5 30. Rc1 Ra8 31. c4 Rc5 32. Rdc2 b4 33. Re2 a4 34. f4 Re8 35. Rce1 Re6 36. e5 fxe5 37. fxe5 d5 38. cxd5 Rxd5 39. Qxb4 axb3 40. axb3 Rb5 41. Qc4 Qb6+ 42. Kh1 Rxb3 43. Rc1 Rb1 44. Rec2 Rxc1+ 45. Rxc1 1/2-1/2

[Event "Florianopolis op 8th"]
[Site "Florianopolis"]
[Date "2022.01.27"]
[Round "5"]
[White "Weise, William Ferreira"]
[Black "Fontoura, Rogerio Lemos"]
[Result "1-0"]
[WhiteElo "1788"]
[BlackElo "1965"]
[PlyCount "120"]
[EventDate "2022.01.24"]
[EventType "swiss"]
[EventRounds "10"]
[EventCountry "BRA"]
[SourceTitle "EXT 2023"]
[Source "ChessBase"]
[SourceDate "2022.10.05"]
[SourceVersion "1"]
[SourceVersionDate "2022.10.05"]
[SourceQuality "1"]

1. e4 e5 2. Nf3 Nc6 3. Bb5 a6 4. Ba4 d6 5. c3 Bd7 6. 0-0 g6 7. d4 Bg7 8. Be3 Nge7 9. Re1 0-0 10. Nbd2 h6 11. Nf1 Kh7 12. Bb3 f5 13. exf5 Nxf5 14. d5 Nce7 15. Bc1 Ng8 16. Ne3 Nh4 17. Nxh4 Qxh4 18. g3 Qf6 19. Qe2 Rf7 20. Ng2 Raf8 21. Be3 Ne7 22. Nh4 Nf5 23. Nxf5 Bxf5 24. Bc2 g5 25. Rac1 g4 26. Qxg4 Bxc2 27. Rxc2 Qf3 28. Qxf3 Rxf3 29. Kg2 R3f5 30. c4 h5 31. b4 Bh6 32. Bxh6 Kxh6 33. a4 Kg5 34. Re3 R5f7 35. Rce2 a5 36. bxa5 Ra8 37. Rb3 Rxa5 38. Ra2 b6 39. Rb5 Ra7 40. Rb3 e4 41. f4+ exf3+ 42. Rxf3 Rxf3 43. Kxf3 Kf5 44. h3 Ra8 45. Ke3 Re8+ 46. Kd3 Re1 47. Re2 Rg1 48. Re3 Ra1 49. g4+ hxg4 50. hxg4+ Kxg4 51. Re7 Ra3+ 52. Kc2 Kf4 53. Rxc7 Rxa4 54. Kb3 Ra1 55. Re7 b5 56. cxb5 Rd1 57. Kc4 Rc1+ 58. Kb4 Rd1 59. b6 Rxd5 60. b7 Rd1 1-0

[Event "Florianopolis op 8th"]
[Site "Florianopolis"]
[Date "2022.01.24"]
[Round "1"]
[White "Bernardo, Henrique Carvalho"]
[Black "Fontoura, Rogerio Lemos"]
[Result "0-1"]
[WhiteElo "1325"]
[BlackElo "1965"]
[PlyCount "44"]
[EventDate "2022.01.24"]
[EventType "swiss"]
[EventRounds "10"]
[EventCountry "BRA"]
[SourceTitle "CBM 206 Extra"]
[Source "ChessBase"]
[SourceDate "2022.03.31"]
[SourceVersion "1"]
[SourceVersionDate "2022.03.31"]
[SourceQuality "1"]

1. e4 e5 2. Nf3 Nc6 3. d4 exd4 4. Bc4 Bc5 5. c3 Nf6 6. e5 d5 7. Bb5 Ne4 8. cxd4 Bb6 9. Nc3 0-0 10. 0-0 Bg4 11. Bxc6 bxc6 12. Be3 f6 13. Qa4 Nxc3 14. bxc3 Bxf3 15. gxf3 fxe5 16. dxe5 Bxe3 17. fxe3 Qg5+ 18. Kf2 Qxe5 19. Qxc6 Rae8 20. Qc5 Rb8 21. Rab1 Qxh2+ 22. Ke1 Rxb1# 0-1

[Event "Belo Horizonte IRT 5th"]
[Site "Belo Horizonte"]
[Date "2012.05.10"]
[Round "4"]
[White "Fontoura, Rogerio Lemos"]
[Black "Gomes, Carlos Henrique Cal"]
[Result "1-0"]
[WhiteElo "1979"]
[BlackElo "1904"]
[PlyCount "109"]
[EventDate "2012.05.07"]
[EventType "swiss"]
[EventRounds "7"]
[EventCountry "BRA"]
[SourceTitle "EXT 2022"]
[Source "ChessBase"]
[SourceDate "2021.10.06"]
[SourceVersion "1"]
[SourceVersionDate "2021.10.06"]
[SourceQuality "1"]

1. d4 d5 2. c4 c6 3. cxd5 cxd5 4. Nc3 Nf6 5. Qb3 e6 6. Bf4 Bd6 7. Bg3 Nc6 8. Nf3 0-0 9. e3 Bxg3 10. hxg3 Na5 11. Qc2 Re8 12. Bd3 h6 13. Ne5 Qc7 14. Rc1 a6 15. Na4 Qxc2 16. Rxc2 Nc6 17. Nb6 Rb8 18. Nxc6 bxc6 19. Rxc6 Nd7 20. Nxc8 Rexc8 21. Rxc8+ Rxc8 22. Kd2 Nb8 23. g4 f6 24. Rc1 Rxc1 25. Kxc1 Kf7 26. Kd2 Ke7 27. Kc3 Kd6 28. Kb4 Kc6 29. a4 Kb6 30. Kc3 Ka5 31. Kb3 Nc6 32. Ka3 e5 33. dxe5 fxe5 34. g3 e4 35. Be2 Ne5 36. b4+ Kb6 37. Kb3 a5 38. Kc3 axb4+ 39. Kxb4 Nc6+ 40. Kc3 Kc5 41. f3 d4+ 42. exd4+ Nxd4 43. Bd1 exf3 44. Kd3 f2 45. Be2 Nxe2 46. Kxe2 f1Q+ 47. Kxf1 Kb4 48. Kf2 Kxa4 49. Ke3 g5 50. Ke4 Kb5 51. Kf5 Kc6 52. Kg6 Kd7 53. Kxh6 Ke6 54. Kxg5 Kf7 55. Kh6 1-0

[Event "BRA-ch Amateur"]
[Site "Goiania"]
[Date "2012.02.21"]
[Round "7"]
[White "Baccarin, Natalia Viaro"]
[Black "Fontoura, Rogerio Lemos"]
[Result "0-1"]
[WhiteElo "1958"]
[BlackElo "1987"]
[PlyCount "106"]
[EventDate "2012.02.18"]
[EventType "swiss"]
[EventRounds "7"]
[EventCountry "BRA"]
[SourceTitle "CBM 147 Extra"]
[Source "ChessBase"]
[SourceDate "2012.04.24"]
[SourceVersion "1"]
[SourceVersionDate "2012.04.24"]
[SourceQuality "1"]

1. e4 e5 2. Nf3 Nc6 3. Bb5 a6 4. Ba4 d6 5. c3 Bd7 6. 0-0 g6 7. d4 Bg7 8. Re1 Nge7 9. Be3 0-0 10. dxe5 Nxe5 11. Bxd7 Nxf3+ 12. Qxf3 Qxd7 13. Bd4 Nc6 14. Bxg7 Kxg7 15. Nd2 Rae8 16. Qg3 Re7 17. Rad1 Rfe8 18. f3 Ne5 19. f4 Nc6 20. f5 f6 21. h4 d5 22. fxg6 hxg6 23. exd5 Rxe1+ 24. Rxe1 Rxe1+ 25. Qxe1 Qxd5 26. Nb3 Ne5 27. Qe2 Kf7 28. Nc1 f5 29. Qc2 Kf6 30. b4 Ng4 31. Qd3 Ke5 32. Qg3+ Kf6 33. Qd3 Ke6 34. Qe2+ Qe4 35. Qxe4+ fxe4 36. Ne2 Kd5 37. Nf4+ Kc4 38. Nxg6 Kxc3 39. Kf1 Kxb4 40. Ke2 c5 41. Ne7 c4 42. Nd5+ Ka3 43. h5 b5 44. Ne3 Nxe3 45. h6 c3 46. h7 c2 47. Kd2 Kb2 48. h8Q+ Kb1 49. Kxe3 c1Q+ 50. Kxe4 Qc2+ 51. Kf3 Kxa2 52. Qh1 b4 53. Qe1 Qc3+ 0-1

[Event "BRA-ch Amateur"]
[Site "Goiania"]
[Date "2012.02.19"]
[Round "4"]
[White "Fontoura, Rogerio Lemos"]
[Black "Juliani, Sidney"]
[Result "0-1"]
[WhiteElo "1987"]
[BlackElo "1814"]
[PlyCount "71"]
[EventDate "2012.02.18"]
[EventType "swiss"]
[EventRounds "7"]
[EventCountry "BRA"]
[SourceTitle "CBM 147 Extra"]
[Source "ChessBase"]
[SourceDate "2012.04.24"]
[SourceVersion "1"]
[SourceVersionDate "2012.04.24"]
[SourceQuality "1"]

1. d4 Nf6 2. c4 g6 3. Nc3 d5 4. Nf3 Bg7 5. Bg5 Ne4 6. cxd5 Nxg5 7. Nxg5 e6 8. Nf3 exd5 9. e3 0-0 10. Be2 c6 11. 0-0 Qe7 12. Rb1 Nd7 13. b4 a6 14. a4 Nf6 15. Qc2 Ng4 16. h3 Bf5 17. Qd2 Bxb1 18. Rxb1 Nf6 19. Qc2 Rac8 20. a5 Ne8 21. Na4 f5 22. Nc5 Nd6 23. Bd3 Rce8 24. Qb3 Kh8 25. Re1 g5 26. Qb2 g4 27. hxg4 fxg4 28. Ne5 Bxe5 29. dxe5 Qg7 30. Qd4 Nf7 31. Nd7 Nxe5 32. Nxf8 Rxf8 33. Be2 Kg8 34. g3 Qf6 35. Bxg4 Qxf2+ 36. Kh1 0-1

[Event "BRA-ch Mineiro"]
[Site "Nova Resende"]
[Date "2011.12.10"]
[Round "5.5"]
[White "Fontoura, Rogerio Lemos"]
[Black "Lapertosa Viana, Julio"]
[Result "1/2-1/2"]
[WhiteElo "1984"]
[BlackElo "2133"]
[PlyCount "97"]
[EventDate "2011.12.08"]
[EventType "swiss"]
[EventRounds "7"]
[EventCountry "BRA"]
[SourceTitle "EXT 2022"]
[Source "ChessBase"]
[SourceDate "2021.10.06"]
[SourceVersion "1"]
[SourceVersionDate "2021.10.06"]
[SourceQuality "1"]

1. d4 d5 2. c4 e6 3. Nc3 Nf6 4. Bg5 Nbd7 5. e3 c6 6. Nf3 Qa5 7. Nd2 Bb4 8. Qc2 dxc4 9. Bxf6 Nxf6 10. Nxc4 Qh5 11. Be2 Qg6 12. Qxg6 hxg6 13. Bf3 0-0 14. 0-0 Rb8 15. a3 Be7 16. b4 Bd7 17. Rac1 Rfd8 18. Rfd1 Be8 19. Ne4 Nxe4 20. Bxe4 b6 21. Ne5 c5 22. Bc6 cxb4 23. Bxe8 Rxe8 24. axb4 Ra8 25. Nc6 a5 26. bxa5 bxa5 27. Ra1 a4 28. Nxe7+ Rxe7 29. Rd3 Rea7 30. Rda3 Kf8 31. Kf1 Ke7 32. Ke2 Kd6 33. Kd3 Kc6 34. Rb1 Kd6 35. Rb6+ Kc7 36. Rb4 Kc6 37. Kc2 Kd6 38. Kb2 g5 39. h3 f5 40. Rc3 g4 41. hxg4 fxg4 42. Ka3 Ra5 43. Rc5 Rxc5 44. dxc5+ Kxc5 45. Rxg4 Ra7 46. Re4 Kd5 47. Rd4+ Kc5 48. Re4 Kd5 49. Rd4+ 1/2-1/2

[Event "BRA-ch Mineiro"]
[Site "Nova Resende"]
[Date "2011.01.04"]
[Round "2.6"]
[White "Chiari, Arthur Gontijo"]
[Black "Fontoura, Rogerio Lemos"]
[Result "1-0"]
[WhiteElo "1932"]
[BlackElo "2017"]
[PlyCount "87"]
[EventDate "2011.01.04"]
[EventType "tourn"]
[EventRounds "10"]
[EventCountry "BRA"]
[SourceTitle "EXT 2022"]
[Source "ChessBase"]
[SourceDate "2021.10.06"]
[SourceVersion "1"]
[SourceVersionDate "2021.10.06"]
[SourceQuality "1"]

1. e4 e5 2. Nf3 Nc6 3. Bb5 a6 4. Ba4 d6 5. c3 Bd7 6. 0-0 g6 7. Re1 Bg7 8. h3 Nge7 9. d4 0-0 10. Bb3 exd4 11. cxd4 Na5 12. Bc2 d5 13. e5 Bf5 14. b3 Nac6 15. Ba3 Re8 16. Bxe7 Nxe7 17. Nbd2 c6 18. Nf1 Qb6 19. Ne3 Bxc2 20. Qxc2 Rad8 21. Rac1 Nc8 22. Qd2 Qc7 23. Ng4 Qe7 24. Qf4 h5 25. Nh6+ Bxh6 26. Qxh6 Qf8 27. Qf4 Nb6 28. g4 hxg4 29. hxg4 Nd7 30. g5 Kg7 31. Nh2 Qe7 32. Ng4 Qe6 33. Nh6 Rc8 34. b4 b6 35. Re3 c5 36. Rf3 Rf8 37. Kg2 cxb4 38. Rxc8 Rxc8 39. Qxf7+ Qxf7 40. Rxf7+ Kh8 41. Rxd7 Rc2 42. Ng4 Kg8 43. Nf6+ Kf8 44. e6 1-0

[Event "Ouro Preto Recanto Montanhas"]
[Site "Ouro Preto"]
[Date "2010.12.27"]
[Round "3.2"]
[White "Fontoura, Rogerio Lemos"]
[Black "Machado, Gilmar Dias"]
[Result "1-0"]
[WhiteElo "1999"]
[BlackElo "1885"]
[PlyCount "55"]
[EventDate "2010.12.26"]
[EventType "tourn"]
[EventRounds "10"]
[EventCountry "BRA"]
[SourceTitle "EXT 2022"]
[Source "ChessBase"]
[SourceDate "2021.10.06"]
[SourceVersion "1"]
[SourceVersionDate "2021.10.06"]
[SourceQuality "1"]

1. d4 d5 2. Nf3 c5 3. c4 dxc4 4. Nc3 cxd4 5. Qxd4 Qxd4 6. Nxd4 a6 7. Nd5 e5 8. Nf3 Nc6 9. Nc7+ Kd8 10. Nxa8 Bc5 11. e4 b5 12. Be3 Bb4+ 13. Bd2 Bc5 14. 0-0-0 Ke7 15. Nc7 Bxf2 16. Nd5+ Ke8 17. a4 Kd8 18. axb5 axb5 19. Bg5+ Kd7 20. Nb4+ Kc7 21. Nxc6 f6 22. Ncxe5 Ne7 23. Nf7 Rf8 24. Bf4+ Kc6 25. Nd6 Bg4 26. h3 Bh5 27. g4 Bg6 28. Bg2 1-0

[Event "Belo Horizonte op"]
[Site "Belo Horizonte"]
[Date "2010.06.05"]
[Round "5"]
[White "Fontoura, Rogerio Lemos"]
[Black "Rodrigues, Tiago Pereira"]
[Result "0-1"]
[WhiteElo "2021"]
[BlackElo "2124"]
[PlyCount "84"]
[EventDate "2010.06.03"]
[EventType "swiss"]
[EventRounds "7"]
[EventCountry "BRA"]
[SourceTitle "CBM 137 Extra"]
[Source "ChessBase"]
[SourceDate "2010.09.01"]
[SourceVersion "1"]
[SourceVersionDate "2010.09.01"]
[SourceQuality "1"]

1. d4 Nf6 2. Nf3 d5 3. e3 Bf5 4. c4 c6 5. Nc3 e6 6. Bd2 Nbd7 7. Be2 h6 8. 0-0 Bd6 9. a3 dxc4 10. Bxc4 b5 11. Be2 0-0 12. Rc1 Qb8 13. Na2 Rc8 14. b4 Be4 15. Nc3 Bxf3 16. Bxf3 Bxh2+ 17. Kh1 Bd6 18. Ne4 Nd5 19. Nxd6 Qxd6 20. e4 N5b6 21. Bc3 Nc4 22. Qb3 Qf4 23. Rcd1 Nf6 24. Rfe1 Qh4+ 25. Kg1 Ng4 26. Bxg4 Qxg4 27. Rd3 Rd8 28. Rg3 Qf4 29. Bb2 a5 30. d5 e5 31. Bc1 Qh4 32. Qf3 Rd6 33. dxc6 axb4 34. c7 Rc8 35. Bg5 hxg5 36. Rh3 Rf6 37. Qd1 Qxf2+ 38. Kh1 Rd6 39. Rd3 Rxd3 40. Qxd3 Qxe1+ 41. Kh2 Qh4+ 42. Kg1 Qg4 0-1

[Event "Belo Horizonte 3rd"]
[Site "Belo Horizonte"]
[Date "2010.02.07"]
[Round "8"]
[White "Fontoura, Rogerio Lemos"]
[Black "Dos Santos, Maicon Ferreira"]
[Result "1/2-1/2"]
[WhiteElo "2034"]
[BlackElo "2067"]
[PlyCount "65"]
[EventDate "2010.02.01"]
[EventType "tourn"]
[EventRounds "9"]
[EventCountry "BRA"]
[SourceTitle "CBM 135 Extra"]
[Source "ChessBase"]
[SourceDate "2010.05.04"]
[SourceVersion "1"]
[SourceVersionDate "2010.05.04"]
[SourceQuality "1"]

1. d4 Nf6 2. Nf3 e6 3. Bg5 c5 4. e3 Be7 5. Nbd2 0-0 6. Bd3 Nc6 7. c3 cxd4 8. exd4 h6 9. h4 Nd5 10. Qc2 f5 11. Bxe7 Qxe7 12. 0-0-0 Nf4 13. Bf1 d6 14. Re1 Qc7 15. Nc4 Bd7 16. Ne3 Rac8 17. g3 Nh5 18. d5 Ne7 19. dxe6 Bxe6 20. Nd4 Bd7 21. Bc4+ Kh8 22. Ne6 Bxe6 23. Bxe6 Rcd8 24. Nxf5 Nxf5 25. Bxf5 Qc5 26. g4 Nf4 27. h5 d5 28. Re5 Qc4 29. b3 Qc5 30. Rd1 Qc7 31. Rde1 Ng2 32. R1e2 Nf4 33. Re1 1/2-1/2

[Event "Belo Horizonte 2nd"]
[Site "Belo Horizonte"]
[Date "2010.01.13"]
[Round "4.6"]
[White "Fontoura, Rogerio Lemos"]
[Black "Chiari, Arthur Gontijo"]
[Result "1-0"]
[WhiteElo "2034"]
[BlackElo "1886"]
[PlyCount "105"]
[EventDate "2010.01.12"]
[EventType "tourn"]
[EventRounds "11"]
[EventCountry "BRA"]
[SourceTitle "EXT 2022"]
[Source "ChessBase"]
[SourceDate "2021.10.06"]
[SourceVersion "1"]
[SourceVersionDate "2021.10.06"]
[SourceQuality "1"]

1. d4 Nf6 2. Nf3 g6 3. Bf4 Bg7 4. h3 0-0 5. e3 d5 6. Be2 Nbd7 7. 0-0 c5 8. c3 Qb6 9. Qb3 c4 10. Qc2 Nb8 11. Nbd2 Bf5 12. Qc1 Nbd7 13. g4 Be6 14. Ng5 h6 15. Nxe6 Qxe6 16. Bf3 g5 17. Bh2 h5 18. Qd1 hxg4 19. Bxg4 Nxg4 20. Qxg4 Qxg4+ 21. hxg4 e6 22. Bd6 Rfe8 23. f4 Bh6 24. Nf3 gxf4 25. g5 Bf8 26. Bxf8 Kxf8 27. exf4 Ke7 28. Kg2 Rh8 29. Rae1 Rag8 30. Rh1 Kd6 31. Kf2 Nf8 32. Ne5 Rxh1 33. Rxh1 Rg7 34. Rh8 Ng6 35. Rd8+ Kc7 36. Rd7+ Kc8 37. Rxf7 Rxf7 38. Nxf7 Nxf4 39. Kg3 Ng6 40. Kg4 Kd7 41. Ne5+ Nxe5+ 42. dxe5 Ke7 43. Kh5 Kf7 44. Kh6 Kg8 45. Kg6 b5 46. Kf6 b4 47. Kxe6 bxc3 48. bxc3 d4 49. Kf6 dxc3 50. e6 Kf8 51. g6 c2 52. g7+ Kg8 53. e7 1-0

[Event "Belo Horizonte 2nd"]
[Site "Belo Horizonte"]
[Date "2010.01.13"]
[Round "3.1"]
[White "Fontoura, Rogerio Lemos"]
[Black "Da Silva, Jose Carlos Peixoto"]
[Result "1/2-1/2"]
[WhiteElo "2034"]
[BlackElo "1702"]
[PlyCount "51"]
[EventDate "2010.01.12"]
[EventType "tourn"]
[EventRounds "11"]
[EventCountry "BRA"]
[SourceTitle "EXT 2022"]
[Source "ChessBase"]
[SourceDate "2021.10.06"]
[SourceVersion "1"]
[SourceVersionDate "2021.10.06"]
[SourceQuality "1"]

1. d4 f5 2. e4 fxe4 3. Nc3 Nf6 4. Bg5 d6 5. Bxf6 exf6 6. Nxe4 Qe7 7. Qe2 Nc6 8. c3 Bd7 9. Ng3 Qxe2+ 10. Bxe2 0-0-0 11. Nf3 Re8 12. 0-0 h5 13. Nh4 Bg4 14. Bd3 g5 15. Ng6 Rh6 16. Rfe1 Kd8 17. Rxe8+ Kxe8 18. Re1+ Kf7 19. Nxf8 Kxf8 20. Nf5 Bxf5 21. Bxf5 Ne7 22. Bd3 f5 23. f4 g4 24. Bc4 d5 25. Bd3 Rb6 26. Re2 1/2-1/2